The tabernacle: camping with God, (Record no. 5526)

MARC details
000 -LEADER
fixed length control field 00743nam a2200265 4500
001 - CONTROL NUMBER
control field 3214142
003 - CONTROL NUMBER IDENTIFIER
control field GBCCL
005 - DATE AND TIME OF LATEST TRANSACTION
control field 20241126110544.0
008 - FIXED-LENGTH DATA ELEMENTS--GENERAL INFORMATION
fixed length control field 720202s1971 njua b 000 0 eng
010 ## -
-- 78173686
020 ## - INTERNATIONAL STANDARD BOOK NUMBER
International Standard Book Number 0872136752
040 ## - CATALOGING SOURCE
Original cataloging agency DLC
Transcribing agency DLC
Modifying agency DLC
050 00 -
-- BT225
-- .O4
082 00 - DEWEY DECIMAL CLASSIFICATION NUMBER
Classification number 296.4
Item number OLF
100 1# - MAIN ENTRY--PERSONAL NAME
Personal name Olford, Stephen F.
9 (RLIN) 6112
245 04 - TITLE STATEMENT
Title The tabernacle: camping with God,
Statement of responsibility, etc. by Stephen F. Olford.
260 ## - PUBLICATION, DISTRIBUTION, ETC.
Place of publication, distribution, etc. Neptune, N.J.,
Name of publisher, distributor, etc. Loizeaux Bros.
Date of publication, distribution, etc. [1971]
300 ## - PHYSICAL DESCRIPTION
Extent 187 p.
Other physical details illus.
Dimensions 21 cm.
350 ## - PRICE (NR) (BK AM CF MU VM SE) [OBSOLETE]
Price $3.95
504 ## - BIBLIOGRAPHY, ETC. NOTE
Bibliography, etc. note Bibliography: p. 185-187.
650 #0 - SUBJECT ADDED ENTRY--TOPICAL TERM
Topical term or geographic name entry element Typology (Theology)
9 (RLIN) 611
650 #0 - SUBJECT ADDED ENTRY--TOPICAL TERM
Topical term or geographic name entry element Tabernacle.
9 (RLIN) 653
906 ## - LOCAL DATA ELEMENT F, LDF (RLIN)
a 7
b cbc
c orignew
d 2
e ncip
f 19
g y-gencatlg
942 ## - ADDED ENTRY ELEMENTS (KOHA)
Source of classification or shelving scheme Dewey Decimal Classification
Koha item type Books
Koha issues (borrowed), all copies 2
Holdings
Withdrawn status Lost status Source of classification or shelving scheme Damaged status Not for loan Home library Current Library Shelving location Date acquired Total checkouts Full call number Barcode Date last seen Date last checked out Copy number Price effective from Koha item type
    Dewey Decimal Classification     GRACE BIBLE COLLEGE GRACE BIBLE COLLEGE Philosophy and Religion 2018-03-26 2 296.4 OLF 013343 2025-05-01 2024-09-26 c.1 2018-03-26 Books
© Grace Bible College Library 2025